Daily Capital City Riddle #10 - Statistics

General Stats
  • This quiz has been taken 100 times
  • The average score is 30 of 35
Answer Stats
Type Answer % Correct
Found Letter A
100%
Alphabet Letter I
99%
Alphabet Letter N
99%
Alphabet Letter O
99%
Found Letter S
99%
Found Letter T
99%
Alphabet Letter D
98%
Alphabet Letter L
98%
Alphabet Letter R
98%
Found Letter B
96%
Alphabet Letter E
95%
Alphabet Letter M
95%
Alphabet Letter C
94%
Found Letter G
93%
Found Letter H
91%
Alphabet Letter P
91%
Alphabet Letter K
90%
Alphabet Letter U
90%
Alphabet Letter W
88%
Correctly Placed Letter A
84%
Alphabet Letter Y
82%
Correctly Placed Letter A
78%
Correctly Placed Letter T
78%
Alphabet Letter V
78%
Alphabet Letter J
77%
Correctly Placed Letter B
73%
Correctly Placed Letter A
72%
Alphabet Letter F
71%
Correctly Placed Letter G
71%
Alphabet Letter X
70%
Correctly Placed Letter S
67%
Alphabet Letter Q
66%
Alphabet Letter Z
66%
Correctly Placed Letter H
63%
Mystery Capital Ashgabat
60%
No matching quizzes found
Score Distribution
Percent of People with Each Score
Percentile by Number Answered
Your Score History
You have not taken this quiz